| 000 | 00621nam a2200157 a 4500 | ||
|---|---|---|---|
| 001 | 000038850 | ||
| 005 | 20201002031408.0 | ||
| 008 | 130430s2012 dr ac 000 0 spa d | ||
| 020 | _a9789945468090 | ||
| 040 |
_aDO-SdBNP _bspa _cBNPHU |
||
| 110 | 1 |
_aRepública Dominicana. _bInstituto Nacional de Recursos Hidráulicos _920458 |
|
| 245 | 1 | 3 |
_aLa gestión productiva en la agricultura bajo riego : _buna experiencia de formación de capital humano / _cpresentación Francisco T. Rodríguez. |
| 260 |
_aSanto Domingo : _bINDRHI, _c2012. |
||
| 300 |
_a150 p. : _bil., retrs. ; _c23 cm. |
||
| 700 | 1 |
_aRodríguez, Francisco T. _96365 |
|
| 999 |
_c38340 _d38340 |
||